The Monk Who Sold His Ferrari (Record no. 369676)

MARC details
000 -LEADER
fixed length control field 00478nam a2200157 4500
005 - DATE AND TIME OF LATEST TRANSACTION
control field 20260103182639.0
008 - FIXED-LENGTH DATA ELEMENTS--GENERAL INFORMATION
fixed length control field 260103b |||||||| |||| 00| 0 eng d
020 ## - INTERNATIONAL STANDARD BOOK NUMBER
International Standard Book Number 978-81-7992-162-X
041 ## - LANGUAGE CODE
Language code of text/sound track or separate title English
082 ## - DEWEY DECIMAL CLASSIFICATION NUMBER
Classification number X 823 SHA
Item number B12119
100 ## - MAIN ENTRY--PERSONAL NAME
Author Sharma, Robin
245 ## - TITLE STATEMENT
Title The Monk Who Sold His Ferrari
Remainder of title :A Fable about fulfilling your Dreams and Reaching your Destiny
260 ## - PUBLICATION, DISTRIBUTION, ETC.
Place of publication, distribution, etc. Mumbai
Name of publisher, distributor, etc. Jacio Publishing House
Date of publication, distribution, etc. 2003
300 ## - PHYSICAL DESCRIPTION
Extent 198p
Other physical details pb
942 ## - ADDED ENTRY ELEMENTS (KOHA)
Koha item type Books
Holdings
Withdrawn status Lost status Source of classification or shelving scheme Damaged status Not for loan Collection code Home library Current library Date acquired Vendor Net Price Bill number Total Checkouts Total Renewals Full call number Barcode Date last seen Date last checked out Actual Price Bill Date Koha item type Original Barcode
    Dewey Decimal Classification     Non-fiction Smt. Bakul Tambat Institute of Nursing Education Smt. Bakul Tambat Institute of Nursing Education 30/12/2025 Amazon(online) 171-2631319-3695555 184.00 BBX1-497204 1 1 X 823 SHA B12119 BTIN-BK-12119 05/02/2026 20/01/2026 184.00 17/10/2025 Books BTIN-BK-12119